000 00485nam a2200145 4500
999 _c10159
_d10159
008 180803b ||||| |||| 00| 0 eng d
022 _a2094-8042
082 _aDPer 370.105 M72 June 2010-Mar 2011 v. 59 n. 1-10
100 _929982
_aMiguel, Analiza R.
245 _aGraduation day/
_cAnaliza R. Miguel.
260 _aPhilippines;
_bIn The Grade School, Inc.,
_cc2010-2011.
300 _av59 n10, page 404:
_billustrations;
_c27cm.
650 0 _929983
_aCommencements.
942 _2ddc
_cPER